000 00631nam a22001817a 4500
003 0
005 20250109075617.0
008 250109b xxu||||| |||| 00| 0 eng d
020 _a978-1-394-19999-0
050 _aLB 1028.3
_b.T13 2024
245 _aTransforming education with virtual reality /
_cedited by Reena Malik, Ambuj Sharma and Prashant Chaudhary.
260 _aBeverly, MA :
_bScrivener Publishing LLC,
_c2024.
300 _axix, 408 p. :
_bill. ;
_c24 cm.
504 _aIncludes bibliographical references and index.
650 _aEducational technology.
650 _aComputer-assisted instruction.
942 _2lcc
_cBK
999 _c366941
_d366941